[Event "Politiken"]
[Site "Hillerod"]
[Date "1995.??.??"]
[Round "3"]
[White "Ostergaard, Jens"]
[Black "Ward, Christopher"]
[Result "0-1"]
[WhiteElo "2310"]
[BlackElo "2485"]
[PlyCount "170"]
[EventDate "1995.??.??"]
[EventType "schev"]
[EventRounds "9"]
[EventCountry "DEN"]
[Source "ChessBase"]
[SourceDate "1995.07.01"]

1. d4 e6 2. c4 Nf6 3. Nf3 c5 4. d5 b5 5. Bg5 Qa5+ 6. Qd2 Qxd2+ 7. Nbxd2 Na6 8.
e4 Nb4 9. Kd1 bxc4 10. Bxc4 h6 11. Bxf6 gxf6 12. a3 Na6 13. Kc2 Rg8 14. g3 Nc7
15. Rad1 Bb7 16. Rhe1 O-O-O 17. Nb3 Ne8 18. Na5 Ba8 19. Nh4 Nd6 20. Ba2 Kc7 21.
f4 Nc8 22. f5 e5 23. Nc4 h5 24. Rb1 Bb7 25. b4 cxb4 26. axb4 Nd6 27. Nxd6 Kxd6
28. Bc4 Rc8 29. Kb3 Bh6 30. Ra1 Ra8 31. Ba6 Rgb8 32. Bxb7 Rxb7 33. Ra6+ Ke7 34.
d6+ Kd8 35. Rea1 Rab8 36. R1a4 Bd2 37. Rxa7 Rxa7 38. Rxa7 Bxb4 39. Kc4 Bxd6 40.
Nf3 Ke7 41. Ra2 Rb4+ 42. Kd3 Rb3+ 43. Ke2 Bc5 44. Nd2 Re3+ 45. Kd1 h4 46. gxh4
Bb4 47. Ra4 Bxd2 48. Kxd2 Rh3 49. Ra5 Rxh2+ 50. Ke3 Rxh4 51. Kd3 Rh1 52. Ra7
Rd1+ 53. Ke3 Rb1 54. Ke2 Rb3 55. Kd2 Rb6 56. Kd3 Kd6 57. Kc3 Rc6+ 58. Kd3 Rc7
59. Ra6+ Ke7 60. Rb6 Ra7 61. Rb8 d6 62. Kd2 Kd7 63. Rf8 Kc6 64. Rc8+ Rc7 65.
Ra8 Rd7 66. Ke3 Kb7 67. Rf8 Kb6 68. Rb8+ Kc6 69. Rc8+ Rc7 70. Ra8 d5 71. Ra6+
Kb5 72. Rxf6 d4+ 73. Kd3 Kc5 74. Ra6 Rb7 75. Ra5+ Rb5 76. Ra7 f6 77. Rf7 Rb3+
78. Kd2 Re3 79. Rxf6 Rxe4 80. Rf8 Rf4 81. f6 Kd5 82. f7 Ke4 83. Ke2 d3+ 84. Kd2
Rf2+ 85. Ke1 Ke3 0-1

[Event "Politiken"]
[Site "Hillerod"]
[Date "1995.??.??"]
[Round "8"]
[White "Sahl, Bjarke"]
[Black "Ahlander, Bjorn"]
[Result "0-1"]
[WhiteElo "2455"]
[BlackElo "2400"]
[PlyCount "78"]
[EventDate "1995.??.??"]
[EventType "schev"]
[EventRounds "9"]
[EventCountry "DEN"]
[Source "ChessBase"]
[SourceDate "1995.07.01"]

1. e4 c5 2. Nf3 e6 3. d4 cxd4 4. Nxd4 Nf6 5. Nc3 d6 6. Be2 Be7 7. O-O a6 8. f4
Qc7 9. Be3 O-O 10. Kh1 Nc6 11. a4 Re8 12. Bf3 Rb8 13. Qd2 Bd7 14. Rad1 Nxd4 15.
Bxd4 e5 16. Ba7 Rbc8 17. Qf2 exf4 18. Bb6 Qc4 19. Rd4 Qe6 20. Qd2 g5 21. a5 Bc6
22. Nd5 Bxd5 23. exd5 Qf5 24. c3 Nd7 25. Qd1 Nf6 26. Rb4 Bf8 27. g3 Bg7 28. Bg2
Re7 29. Bd4 Rce8 30. Bxf6 Bxf6 31. Qh5 Qd3 32. gxf4 Re1 33. Qh3 R8e3 34. Qc8+
Kg7 35. Qc4 Rxf1+ 36. Bxf1 Qd2 37. fxg5 Be5 38. Qh4 Re1 39. Kg1 Bxh2+ 0-1

[Event "Politiken"]
[Site "Hillerod"]
[Date "1995.??.??"]
[Round "4"]
[White "Sahl, Bjarke"]
[Black "Karlsson, Lars"]
[Result "1-0"]
[WhiteElo "2455"]
[BlackElo "2515"]
[PlyCount "61"]
[EventDate "1995.??.??"]
[EventType "schev"]
[EventRounds "9"]
[EventCountry "DEN"]
[Source "ChessBase"]
[SourceDate "1995.07.01"]

1. e4 c5 2. Nf3 d6 3. d4 cxd4 4. Nxd4 Nf6 5. Nc3 g6 6. Bc4 Bg7 7. O-O O-O 8.
Re1 Nc6 9. h3 Bd7 10. Bb3 Rc8 11. Bg5 Nxd4 12. Qxd4 Rc5 13. Qd2 b5 14. e5 b4
15. exf6 bxc3 16. bxc3 exf6 17. Be3 Re5 18. Qxd6 Qc8 19. Bd4 Rg5 20. h4 Rg4 21.
f3 Rxh4 22. Re7 Bb5 23. Rae1 Rxd4 24. cxd4 Qc3 25. a4 f5 26. axb5 Bxd4+ 27. Kf1
Bc5 28. Qe5 Bd4 29. Qd5 Qd2 30. R7e2 Qf4 31. Re8 1-0

[Event "Politiken"]
[Site "Hillerod"]
[Date "1995.??.??"]
[Round "6"]
[White "Sahl, Bjarke"]
[Black "Olesen, Martin"]
[Result "1-0"]
[WhiteElo "2455"]
[BlackElo "2340"]
[PlyCount "55"]
[EventDate "1995.??.??"]
[EventType "schev"]
[EventRounds "9"]
[EventCountry "DEN"]
[Source "ChessBase"]
[SourceDate "1995.07.01"]

1. Nf3 d6 2. d4 Nf6 3. g3 Nbd7 4. Bg2 e5 5. O-O Be7 6. c4 O-O 7. Qc2 c6 8. Nc3
Qc7 9. h3 a6 10. Be3 b6 11. Rac1 Bb7 12. Rfd1 Rac8 13. a3 Qb8 14. b4 b5 15.
dxe5 dxe5 16. c5 Nd5 17. Bg5 N7f6 18. Qf5 Nxc3 19. Rxc3 Nd5 20. Rxd5 Bxg5 21.
Rd7 Bf6 22. Nd2 Rcd8 23. Ne4 Rxd7 24. Nxf6+ gxf6 25. Qg4+ Kh8 26. Qxd7 Kg7 27.
Qg4+ Kh8 28. Qf5 1-0

[Event "Politiken"]
[Site "Hillerod"]
[Date "1995.??.??"]
[Round "2"]
[White "Sahl, Bjarke"]
[Black "Christensen, Tobias"]
[Result "1/2-1/2"]
[WhiteElo "2455"]
[BlackElo "2375"]
[PlyCount "86"]
[EventDate "1995.??.??"]
[EventType "schev"]
[EventRounds "9"]
[EventCountry "DEN"]
[Source "ChessBase"]
[SourceDate "1995.07.01"]

1. d4 d6 2. e4 Nf6 3. Nc3 g6 4. Bg5 Bg7 5. f4 c6 6. Bd3 Qb6 7. e5 dxe5 8. fxe5
Nd5 9. Nxd5 cxd5 10. Rb1 Nc6 11. c3 O-O 12. Ne2 Bg4 13. Qb3 Qxb3 14. axb3 f6
15. exf6 Bxf6 16. Bh6 Bg7 17. Bxg7 Kxg7 18. h3 Bf5 19. Bxf5 Rxf5 20. Rf1 Rxf1+
21. Kxf1 Rf8+ 22. Ke1 h5 23. b4 a6 24. Rd1 Rf5 25. Rd2 Kf6 26. Nc1 e5 27. dxe5+
Rxe5+ 28. Kd1 Rf5 29. Nd3 b6 30. Ke2 Kg5 31. Ne1 h4 32. Nf3+ Kh5 33. Rd1 g5 34.
Ra1 a5 35. bxa5 Nxa5 36. Ra4 Nc6 37. Ra6 Rf6 38. Ra8 Re6+ 39. Kd3 Ne5+ 40. Nxe5
Rxe5 41. Rh8+ Kg6 42. Rb8 Re6 43. b4 Kf5 1/2-1/2

[Event "Politiken"]
[Site "Hillerod"]
[Date "1995.??.??"]
[Round "6"]
[White "Schandorff, Lars"]
[Black "Ostergaard, Jens"]
[Result "1-0"]
[WhiteElo "2450"]
[BlackElo "2310"]
[PlyCount "61"]
[EventDate "1995.??.??"]
[EventType "schev"]
[EventRounds "9"]
[EventCountry "DEN"]
[Source "ChessBase"]
[SourceDate "1995.07.01"]

1. e4 c6 2. d4 d5 3. e5 Bf5 4. Nc3 Qb6 5. Bd3 Bxd3 6. Qxd3 e6 7. Nge2 Nd7 8.
O-O Ne7 9. a4 c5 10. a5 Qc6 11. dxc5 Nxe5 12. Qg3 N7g6 13. Nd4 Qxc5 14. Be3 Qc8
15. f4 Nc4 16. f5 Qb8 17. Qf2 Bd6 18. fxe6 Bxh2+ 19. Kh1 O-O 20. exf7+ Kh8 21.
Ne6 Rc8 22. Bd4 Be5 23. Rae1 Qd6 24. Bxe5 Ncxe5 25. Qf5 Nd7 26. Nxd5 Rc4 27.
Ndf4 Nxf4 28. Rxf4 Rxf4 29. Qxf4 Qxf4 30. Nxf4 Rf8 31. Re8 1-0

[Event "Politiken"]
[Site "Hillerod"]
[Date "1995.??.??"]
[Round "2"]
[White "Schandorff, Lars"]
[Black "Olafsson, Helgi"]
[Result "1/2-1/2"]
[WhiteElo "2450"]
[BlackElo "2520"]
[PlyCount "42"]
[EventDate "1995.??.??"]
[EventType "schev"]
[EventRounds "9"]
[EventCountry "DEN"]
[Source "ChessBase"]
[SourceDate "1995.07.01"]

1. e4 c5 2. c3 d5 3. exd5 Qxd5 4. d4 Nf6 5. Nf3 Bg4 6. Be2 e6 7. Na3 a6 8. h3
Bh5 9. Nc2 Nc6 10. Be3 cxd4 11. Ncxd4 Nxd4 12. Qxd4 Be7 13. Qa4+ b5 14. Qb3 O-O
15. O-O Rfc8 16. Rfd1 Qb7 17. a4 b4 18. cxb4 Qxb4 19. Qxb4 Bxb4 20. g4 Bg6 21.
Ne5 Nd5 1/2-1/2

[Event "Politiken"]
[Site "Hillerod"]
[Date "1995.??.??"]
[Round "8"]
[White "Ward, Christopher"]
[Black "Olafsson, Helgi"]
[Result "1/2-1/2"]
[WhiteElo "2485"]
[BlackElo "2520"]
[PlyCount "40"]
[EventDate "1995.??.??"]
[EventType "schev"]
[EventRounds "9"]
[EventCountry "DEN"]
[Source "ChessBase"]
[SourceDate "1995.07.01"]

1. d4 Nf6 2. c4 e6 3. Nc3 Bb4 4. g3 c5 5. Nf3 O-O 6. Bg2 cxd4 7. Nxd4 d5 8. Qb3
Bxc3+ 9. Qxc3 e5 10. Nb3 Nc6 11. Bg5 dxc4 12. Qxc4 Be6 13. Qa4 Bxb3 14. Qxb3
Nd4 15. Qd3 Rc8 16. O-O Rc2 17. Kh1 Rxe2 18. b4 Rb2 19. Qa3 Re2 20. Qxa7 b5
1/2-1/2

[Event "Politiken"]
[Site "Hillerod"]
[Date "1995.??.??"]
[Round "9"]
[White "Ward, Christopher"]
[Black "Christensen, Tobias"]
[Result "1/2-1/2"]
[WhiteElo "2485"]
[BlackElo "2375"]
[PlyCount "113"]
[EventDate "1995.??.??"]
[EventType "schev"]
[EventRounds "9"]
[EventCountry "DEN"]
[Source "ChessBase"]
[SourceDate "1995.07.01"]

1. d4 d6 2. e4 Nf6 3. f3 e5 4. d5 Be7 5. c4 O-O 6. Nc3 a5 7. Be3 Na6 8. Bd3 Nh5
9. Nge2 Bg5 10. Bf2 Qf6 11. O-O Bh4 12. a3 Bxf2+ 13. Rxf2 Nf4 14. Bc2 Bd7 15.
Rb1 Qg5 16. Nxf4 Qxf4 17. b4 Qe3 18. Qd2 Qxd2 19. Rxd2 Rfb8 20. Bd3 b6 21. Rdb2
Kf8 22. Kf2 Ke7 23. Ke3 h6 24. g3 g5 25. Rc1 f6 26. Rcb1 Be8 27. Rh1 Bd7 28. h4
g4 29. f4 h5 30. Rc1 Ra7 31. Nd1 Rba8 32. c5 axb4 33. cxd6+ Kxd6 34. axb4 Nb8
35. fxe5+ fxe5 36. Rf2 Ra1 37. Rxa1 Rxa1 38. Nc3 Na6 39. Bxa6 Rxa6 40. Rf6+ Ke7
41. Rh6 Ra3 42. Kd2 Be8 43. Re6+ Kd8 44. Rxe5 Rb3 45. b5 Rb2+ 46. Ke3 Rg2 47.
Kf4 Rf2+ 48. Kg5 Rg2 49. Kf4 Rf2+ 50. Ke3 Rf3+ 51. Kd4 Rxg3 52. Rg5 Rh3 53. Rg8
Ke7 54. Rg7+ Kd8 55. Rg8 Ke7 56. Rg7+ Kd8 57. Rg8 1/2-1/2

[Event "Politiken"]
[Site "Hillerod"]
[Date "1995.??.??"]
[Round "2"]
[White "Ward, Christopher"]
[Black "Karlsson, Lars"]
[Result "0-1"]
[WhiteElo "2485"]
[BlackElo "2515"]
[PlyCount "66"]
[EventDate "1995.??.??"]
[EventType "schev"]
[EventRounds "9"]
[EventCountry "DEN"]
[Source "ChessBase"]
[SourceDate "1995.07.01"]

1. d4 e6 2. c4 Bb4+ 3. Bd2 Qe7 4. g3 Nf6 5. Bg2 O-O 6. Nc3 d6 7. a3 Bxc3 8.
Bxc3 e5 9. dxe5 dxe5 10. Qc2 Nc6 11. Nf3 Rd8 12. e3 Nd4 13. Nxd4 exd4 14. Bb4
c5 15. Ba5 Rd6 16. O-O-O Bg4 17. f3 Bxf3 18. Rd3 Bxg2 19. Qxg2 dxe3 20. Rxd6
Qxd6 21. Qxb7 Re8 22. Re1 Qd4 23. Qb5 e2 24. Bc3 Qe3+ 25. Kc2 Rd8 26. Qa4 h6
27. Kb1 Ne4 28. Ba5 Qd3+ 29. Ka2 Rb8 30. Ka1 Nf2 31. Bc7 Rc8 32. Ka2 Qd1 33.
Qa5 Nd3 0-1

[Event "Politiken"]
[Site "Hillerod"]
[Date "1995.??.??"]
[Round "4"]
[White "Ward, Christopher"]
[Black "Olesen, Martin"]
[Result "1-0"]
[WhiteElo "2485"]
[BlackElo "2340"]
[PlyCount "115"]
[EventDate "1995.??.??"]
[EventType "schev"]
[EventRounds "9"]
[EventCountry "DEN"]
[Source "ChessBase"]
[SourceDate "1995.07.01"]

1. d4 d5 2. c4 e6 3. Nc3 Nf6 4. cxd5 exd5 5. Bg5 Be7 6. e3 c6 7. Bd3 Nbd7 8.
Qc2 O-O 9. Nge2 Re8 10. O-O-O Nf8 11. h3 a5 12. g4 b5 13. Ng3 a4 14. Kb1 Qa5
15. Nce2 Bd7 16. Nf5 Bxf5 17. Bxf5 Ra6 18. Bd3 Rb6 19. Ng3 b4 20. Qd2 g6 21. f4
a3 22. b3 c5 23. dxc5 Qxc5 24. Rc1 Qd6 25. Bh6 Ne6 26. Rhg1 Bf8 27. Bxf8 Qxf8
28. g5 Nd7 29. h4 Nec5 30. f5 Nxd3 31. Qxd3 Ne5 32. Qd4 Qd6 33. Rgf1 Nd7 34.
Rf3 Rc6 35. Rd1 Rec8 36. h5 Qc7 37. Ne2 Ne5 38. Rff1 Rc2 39. fxg6 Rb2+ 40. Ka1
hxg6 41. Rc1 Nc6 42. Qf6 Rxe2 43. h6 Qe5+ 44. Qxe5 Nxe5 45. Rxc8+ Kh7 46. Rd8
Rg2 47. Rxd5 Rxg5 48. Rh1 f6 49. Rd6 f5 50. Re6 Ng4 51. Re7+ Kh8 52. e4 fxe4
53. Re8+ Kh7 54. Re7+ Kh8 55. Rxe4 Nf2 56. Re8+ Kh7 57. Re7+ Kh8 58. Rc1 1-0